Guess the Hit Title from the Lyrics #10 - Statistics

General Stats
  • This quiz has been taken 287 times
    282 since last reset
  • The average score is 6 of 14
Answer Stats
Lyrics Answer % Correct
But you only need the light when it's burning low / Only miss the sun when it starts to snow / Only know you love her when you ___ ___ __ / Only know you've been high when you're feeling low / Only hate the road when you're missing home / Only know you love her when you ___ ___ __ Let Her Go: By Passenger
83%
__ __'_ ___ _____ / __ __'_ ___ _____ / __ __'_ ___ _____ / Like we used to do / We don't love anymore / What was all of it for? / Oh, __ __'_ ___ _____ We Don't Talk Anymore: By Charlie Puth & Selena Gomez
60%
Didn't think I'd turn around, and say / That it's too late to ______ / It's too late / I said it's too late to _____ / It's too late Apologize: By Timbaland & OneRepublic
57%
___ ___ __ _ _____ just a little bit's enough / Just a second we're not broken just bent, and we can learn to love again / It's in the stars, it's been written in the scars on our hearts / We're not broken just bent, and we can learn to love again Just Give Me a Reason: By P!nk & Nate Ruess
57%
But __ ___ ____ ___ _____ / You'd come over, right? / You'd come over and you'd stay the night / Would you love me for the hell of it? / All our fears would be irrelevant / __ ___ ____ ___ _____ / You'd come over, right? If the World was Ending: By Julia Michaels & JP Saxe
48%
You say I'm crazy / 'Cause you don't think I know what you've done / But when you call me baby / I know _'_ __ __ ___ __ I'm Not the Only One: By Sam Smith
48%
All we hear is ____ __ __ / ____ goo goo / ____ __ __ / All we hear is ____ __ __ / ____ blah blah / ____, what's new? / ____, someone still loves you Radio Ga Ga: By Queen
37%
Now I'm ___ ___ _____ from wildin' / And we got three more days 'til Frida / I'm just tryna make it back home by Monday, mornin' / I swear I wish somebody would tell me / Oooh that's all I want FourFiveSeconds: By Rhianna, Kanye West & Paul McCartney
33%
I'd spend ___ ______ ___ and ___ ______ more / Oh, if that's what it takes to learn that sweet heart of yours / And I might never get there, but I'm gonna try / If it's ___ ______ ___ or the rest of my life 10,000 Hours: By Dan + Shay & Justin Bieber
31%
So when I'm all choked up / And I can't find the words / Every time we say goodbye / Baby, it hurts / When the sun goes down / And the band won't play / _'__ ____ ______ __ ___ ___ I'll Always Remember Us this Way: By Lady Gaga
28%
'Cause when you ___ _____ / You open up your heart / When you ___ _____ / You make room / If you ___ _____ / And you're not afraid to lose 'em / You probably never ___d _____ like I do Love Someone: By Lukas Graham
28%
Ooh, you are my muse, I feel so reckless / Oh, you're makin' me, makin' me, makin' me give in / Oh, baby, I can feel the rush of adrenaline / I'm not scared to jump if you want to / Let's just fall in love for the hell of it / Maybe, we'll just keep ____' Fallin': By Why Don't We
23%
Tell me, have you seen a sunset / Turn into a sunrise? / Kiss right through the night? / 'Cause we should try that sometime / Hold you 'til the mornin' / And if I said I'm fallin' / Would you just reply / "I know you are, but ____ __ _?" What Am I?: By Why Don't We
19%
And I need you to know that we're fallin' so fast / We're ____' ___ __ ___, fallin' in love / And I'm not scared to say those words with you, I'm safe / We're ____' ___ __ ___, we're fallin' in love Fallin' like the Stars: By James Arthur
10%
No matching quizzes found
Score Distribution
Percent of People with Each Score
Percentile by Number Answered
Your Score History
You have not taken this quiz since the last reset